| 000 | 00602nab a2200181 a 4500 | ||
|---|---|---|---|
| 005 | 20210219155954.0 | ||
| 008 | 991125s1985 mx 000 0 spa u | ||
| 035 | _aUPN01000155749 | ||
| 100 | 1 | _aJaimes Ruiz, MarÃa del Carmen | |
| 222 | _aREVISTA MEXICANA DE INVESTIGACION EDUCATIVA | ||
| 245 | _aUn acercamiento a los profesores de los centros de actualización del magisterio del Estado de Guerrero | ||
| 300 | _a539-559 | ||
| 362 | 0 | _a2007 Vol. 12, no. 33(2), abr.-jun. | |
| 653 | 0 | _aFORMACION DOCENTE | |
| 653 | 0 | _aEDUCACION BASICA | |
| 653 | 0 | _aACTUALIZACION DOCENTE | |
| 905 | _aArticulo | ||
| 999 |
_c127863 _d127863 |
||